<?xml version="1.0" encoding="UTF-8"?>
<record
    xmlns:xsi="http://www.w3.org/2001/XMLSchema-instance"
    xsi:schemaLocation="http://www.loc.gov/MARC21/slim http://www.loc.gov/standards/marcxml/schema/MARC21slim.xsd"
    xmlns="http://www.loc.gov/MARC21/slim">

  <leader>02795nam a2200409 a 4500</leader>
  <datafield tag="999" ind1=" " ind2=" ">
    <subfield code="c">9886</subfield>
    <subfield code="d">9886</subfield>
  </datafield>
  <controlfield tag="001">2569349</controlfield>
  <controlfield tag="003">OSt</controlfield>
  <controlfield tag="005">20210205114739.0</controlfield>
  <controlfield tag="008">940928s1994    is a     b    001 0 eng d</controlfield>
  <datafield tag="010" ind1=" " ind2=" ">
    <subfield code="a">   95168211 </subfield>
  </datafield>
  <datafield tag="020" ind1=" " ind2=" ">
    <subfield code="a">9652171174 (Yad Izhak BenZvi)</subfield>
  </datafield>
  <datafield tag="020" ind1=" " ind2=" ">
    <subfield code="a">1880317206 (BAS)</subfield>
  </datafield>
  <datafield tag="035" ind1=" " ind2=" ">
    <subfield code="a">(OCoLC)31190133 </subfield>
  </datafield>
  <datafield tag="040" ind1=" " ind2=" ">
    <subfield code="a">OU</subfield>
    <subfield code="c">OU</subfield>
    <subfield code="d">OMtvN</subfield>
    <subfield code="d">NN</subfield>
    <subfield code="d">DLC</subfield>
  </datafield>
  <datafield tag="041" ind1="1" ind2=" ">
    <subfield code="a">eng</subfield>
    <subfield code="h">heb</subfield>
  </datafield>
  <datafield tag="042" ind1=" " ind2=" ">
    <subfield code="a">lccopycat</subfield>
  </datafield>
  <datafield tag="043" ind1=" " ind2=" ">
    <subfield code="a">a-is---</subfield>
  </datafield>
  <datafield tag="050" ind1="0" ind2="0">
    <subfield code="a">DS111.A2</subfield>
    <subfield code="b">F499F</subfield>
  </datafield>
  <datafield tag="082" ind1="0" ind2="0">
    <subfield code="a">933</subfield>
    <subfield code="2">20</subfield>
    <subfield code="b">F499F</subfield>
  </datafield>
  <datafield tag="245" ind1="0" ind2="0">
    <subfield code="a">From Nomadism to Monarchy :</subfield>
    <subfield code="b">archaeological and historical aspects of early Israel /</subfield>
    <subfield code="c">edited by Israel Finkelstein and Nadav Na'aman.</subfield>
  </datafield>
  <datafield tag="260" ind1=" " ind2=" ">
    <subfield code="a">Jerusalem :</subfield>
    <subfield code="b">Yad Izhak Ben-Zvi :</subfield>
    <subfield code="b">Israel Exploration Society ;</subfield>
    <subfield code="a">Washington :</subfield>
    <subfield code="b">Biblical Archaeology Society,</subfield>
    <subfield code="c">c1994.</subfield>
  </datafield>
  <datafield tag="300" ind1=" " ind2=" ">
    <subfield code="a">399 p. :</subfield>
    <subfield code="b">ill. ;</subfield>
    <subfield code="c">25 cm.</subfield>
  </datafield>
  <datafield tag="500" ind1=" " ind2=" ">
    <subfield code="a">"This is an extended and updated version of the Hebrew book [Mi-na&#x1E7F;adut li-melukhah] (published in Jerusalem in 1990) ... All the articles were revised and updated, and two papers are published in this volume for the first time"--P. 14.</subfield>
  </datafield>
  <datafield tag="504" ind1=" " ind2=" ">
    <subfield code="a">Includes bibliographical references and indexes.</subfield>
  </datafield>
  <datafield tag="505" ind1="2" ind2=" ">
    <subfield code="a">Upper Galilee in the Late Bronze-Iron I transition / Rafael Frankel -- Iron I in Lower Galilee and the margins of the Jezreel Valley / Zvi Gal -- "To the land of the Perizzites and the Giants": on the Israelite settlement in the hill country of Manasseh / Adam Zertal -- Jerusalem and its vicinity in Iron Age I / Amihai Mazar -- "All the hill country of Judah": from a settlement fringe to a prosperous monarchy / Avi Ofer -- The Beer-Sheba Valley: from nomadism to monarchy / Ze'ev Herzog -- The emergence of Israel: a phase in the cyclic history of Canaan in the third and second millenia BCE / Israel Finkelstein -- Socio-political transformations in the central hill country in the Late Bronze-Iron I transition / Shlomo Bunimovitz -- Theoretical speculations on the transition from nomadism to monarchy / Juval Portugali -- The "Conquest of Canaan" in the Book of Joshua and in history -- Nadav Na'aman -- Egyptians, Canaanites, and Philistines in the period of the emergence of Israel / Itamar Singer -- Subsistence economy in Iron Age I / Baruch Rosen.</subfield>
  </datafield>
  <datafield tag="505" ind1="2" ind2=" ">
    <subfield code="a">The cult-stands from Taanach: aspects of the iconographic tradition of Early Iron Age cult objects in Palestine / Pirhiya Beck.</subfield>
  </datafield>
  <datafield tag="650" ind1=" " ind2="0">
    <subfield code="a">Jews</subfield>
    <subfield code="x">History</subfield>
    <subfield code="y">To 1200 B.C.</subfield>
  </datafield>
  <datafield tag="650" ind1=" " ind2="0">
    <subfield code="a">Bronze age</subfield>
    <subfield code="z">Palestine.</subfield>
  </datafield>
  <datafield tag="650" ind1=" " ind2="0">
    <subfield code="a">Iron age</subfield>
    <subfield code="z">Palestine.</subfield>
  </datafield>
  <datafield tag="651" ind1=" " ind2="0">
    <subfield code="a">Palestine</subfield>
    <subfield code="x">Antiquities.</subfield>
  </datafield>
  <datafield tag="700" ind1="1" ind2=" ">
    <subfield code="a">Finkelstein, Israel.</subfield>
  </datafield>
  <datafield tag="700" ind1="1" ind2=" ">
    <subfield code="a">Na&#x2BE;aman, Nadav.</subfield>
  </datafield>
  <datafield tag="730" ind1="0" ind2=" ">
    <subfield code="a">Mi-na&#x1E7F;adut li-melukhah.</subfield>
  </datafield>
  <datafield tag="906" ind1=" " ind2=" ">
    <subfield code="a">7</subfield>
    <subfield code="b">cbc</subfield>
    <subfield code="c">copycat</subfield>
    <subfield code="d">u</subfield>
    <subfield code="e">ncip</subfield>
    <subfield code="f">19</subfield>
    <subfield code="g">y-gencatlg</subfield>
  </datafield>
  <datafield tag="942" ind1=" " ind2=" ">
    <subfield code="2">ddc</subfield>
    <subfield code="c">BK</subfield>
  </datafield>
  <datafield tag="952" ind1=" " ind2=" ">
    <subfield code="0">0</subfield>
    <subfield code="1">0</subfield>
    <subfield code="2">ddc</subfield>
    <subfield code="4">0</subfield>
    <subfield code="7">0</subfield>
    <subfield code="8">NFIC</subfield>
    <subfield code="a">HMC</subfield>
    <subfield code="b">HMC</subfield>
    <subfield code="c">GEN</subfield>
    <subfield code="d">2021-02-09</subfield>
    <subfield code="l">0</subfield>
    <subfield code="o">933 F499F</subfield>
    <subfield code="p">011342</subfield>
    <subfield code="r">2021-02-09 00:00:00</subfield>
    <subfield code="w">2021-02-09</subfield>
    <subfield code="y">BK</subfield>
  </datafield>
</record>
